01440nam a2200301 i 4500001000700000003000900007005001700016008004100033020002200074080004000096100003700136245004800173260006500221300002200286490002300308490007200331500002700403504003200430505026800462600003300730610003200763610004400795710004300839740007600882830002300958830007100981852008601052183507ES-MaACL20250704062549.0140708s2014 sp |||| |bspa d a978-84-9911-272-5 a94(460)"18/19":929 Costa, Joaquín0 aGil Novales, Alberto,d1930-201610aEstudios costistas / cAlberto Gil Novales. aZaragoza : bInstitución "Fernando el Católico", c2014. a341 p. ; c24 cm.1 aEstudios. Historia1 aPublicación de la Institución "Fernando el Católico" ; v3294 aÍndice onomástico. aBibliografía: p. 279-313.8 aContiene: Joaquín Costa en el Ateneo de Madrid y el Ateneo en tiempos de Costa : [conferencia inaugural de las Jornadas de Conmemoración del Centenario de la muerte de Joaquín Costa, pronunciada en el Ateneo de Madrid el 5 de septiembre de 2011], p. 253-27714aCosta, Joaquín,d1846-191124aAteneo de Madrid-vHistoria24aAteneo de Madrid-vConferencias-y2000-2 aInstitución "Fernando el Católico"02aJoaquín Costa en el Ateneo de Madrid y el Ateneo en tiempos de Costa.1 aEstudios. Historia10aPublicación ... de la Institución Fernando el Católicov3294 aES-MaACLjA-13115bR.150143cDEPO1dOlim: N-6115hDonación: Alberto Gil Novales